| 000 | 01547nam a22001937a 4500 | ||
|---|---|---|---|
| 008 | 231102s2023 xxk|||||o|||| 00| 0 eng d | ||
| 041 | _aeng | ||
| 110 | _aRoyal Institution of Chartered Surveyors | ||
| 245 |
_aUK Commercial Property Monitor _bQ3 2023 _h[Electronic resource] |
||
| 260 |
_aLondon, _bRoyal Institution of Chartered Surveyors, _cOctober 2023 |
||
| 490 |
_aRICS UK Commercial Property Monitor _vQ3 2023 |
||
| 520 | _aRICS Q3 UK Commercial Property Monitor Occupier and investor demand metrics remain in negative territory at UK-wide level 58% of respondents still perceive the market to be in a downturn phase, while 24% sense conditions are consistent with the bottom of the cycle Activity remains relatively downbeat. Tighter financial conditions and a sluggish economic backdrop weigh on activity across both the investor and occupier markets. More than 75% of contributors envisage pressure on corporate cash-flows intensifying over the next year. That said, while the outlook for overall rents and capital values is still slightly negative, there is somewhat better performance anticipated across prime markets as well as for some alternative sectors. | ||
| 650 | _aCOMMERCIAL PROPERTY | ||
| 651 | _aUnited Kingdom | ||
| 690 |
_96227 _aCommercial property |
||
| 710 | _aRoyal Institution of Chartered Surveyors | ||
| 856 |
_uhttps://www.rics.org/content/dam/ricsglobal/documents/market-surveys/global-commercial-property-monitors/Q3-2023-RICS-UK-Commercial-Propety-Monitor.pdf _zAvailable free on RICS.org |
||
| 942 | _n0 | ||
| 999 |
_c121694 _d121694 |
||